Thinamum oru puthuvasantham
| Main Author: | |
|---|---|
| Format: | Book |
| Published: |
Chennai :
Karpagam Puthakalayam ,
2006
|
| Subjects: |
MARC
| LEADER | 00000cam a2200000 7i4500 | ||
|---|---|---|---|
| 001 | 0000127361 | ||
| 005 | 20090112.0 | ||
| 090 | 0 | 0 | |a T |b SIV |
| 100 | 1 | |a Siva, C | |
| 245 | 1 | 0 | |a Thinamum oru puthuvasantham |c C. Siva |
| 260 | |a Chennai : |b Karpagam Puthakalayam , |c 2006 | ||
| 300 | |a 64p. ; |c 18cm. | ||
| 650 | 0 | 0 | |a Tamil collections |
| 999 | |a 00221111 |b BUKU |c TAMIL COLLECTION |e PERPUSTAKAAN KOMUNITI PETALING JAYA | ||